White eagles over Serbia
Novela de temática de espías que gira entorno de un agente enviado a investigar la muerte de un colega en Serbia, pero en su investigación se ve envuelto en la lucha entre un grupo comunista y un grupo llamado white eagles.
Guardado en:
| Autor principal: | |
|---|---|
| Formato: | Libro |
| Lenguaje: | Undetermined |
| Publicado: |
Londres, Inglaterra
Faber and Faber
[s.f.]
|
| Materias: | |
| Etiquetas: |
Agregar Etiqueta
Sin Etiquetas, Sea el primero en etiquetar este registro!
|
MARC
| LEADER | 00000nam a2200000Ia 4500 | ||
|---|---|---|---|
| 008 | 170316s9999 xx 000 0 und d | ||
| 040 | |a cru BVZT | ||
| 090 | |a 820 D-13w | ||
| 100 | |a Durrell, Lawrence | ||
| 245 | |a White eagles over Serbia | ||
| 260 | |a Londres, Inglaterra | ||
| 260 | |b Faber and Faber | ||
| 260 | |c [s.f.] | ||
| 300 | |a 200 páginas | ||
| 520 | |a Novela de temática de espías que gira entorno de un agente enviado a investigar la muerte de un colega en Serbia, pero en su investigación se ve envuelto en la lucha entre un grupo comunista y un grupo llamado white eagles. | ||
| 650 | |a LITERATURA INGLESA |9 12 | ||
| 999 | |c 6843 |d 6843 | ||
| 942 | |c 15 D |h 820 D-13w |2 z | ||
